|
|
|
|
| LEADER |
00850pam a22002538a 4500 |
| 001 |
00038654 |
| 005 |
20171026081025.0 |
| 008 |
170516s2010 ||||||Viesd |
| 041 |
0 |
# |
|a Vie
|
| 082 |
1 |
4 |
|a 910.285
|b TH550T
|
| 100 |
1 |
# |
|a Nguyễn, Ngọc Lâu
|
| 245 |
1 |
0 |
|a Thực tập định vị vệ tinh (GPS)
|c Nguyễn Ngọc Lâu, Dương Tuấn Kiệt
|
| 260 |
# |
# |
|a Tp.Hồ Chí Minh
|b ĐHQG Tp.Hồ Chí Minh
|c 2010
|
| 300 |
# |
# |
|a 142 tr.
|c 24 cm
|
| 653 |
# |
# |
|a (GPS)
|
| 653 |
# |
# |
|a Thực tập
|
| 653 |
# |
# |
|a định vị vệ tinh
|
| 700 |
1 |
# |
|a Dương, Tuấn Kiệt
|
| 852 |
# |
# |
|b Kho mượn
|j KM.0022082
|
| 852 |
# |
# |
|b Kho đọc
|j KD.0021484
|
| 852 |
# |
# |
|j KD.0021484
|j KM.0022082
|
| 910 |
|
|
|d 16/05/2017
|
| 980 |
# |
# |
|a Trung tâm Học liệu Lê Vũ Hùng, Trường Đại học Đồng Tháp
|